000 00316nam a22000977a 4500
008 160213b xxu||||| |||| 00| 0 eng d
100 _aRagatz, Lowell
245 _aAn introduction to the literature on philatelic forgeries
260 _aWashington, D.C.
_bEducational Research Bureau
650 _aForgeries and Counterfeits
999 _c1762
_d1762